Central Library OPAC University of Rajshahi

Aspects of the social Geography of Glasgow / (Record no. 79685)

MARC details
000 -LEADER
fixed length control field 00881nam a22002417a 4500
001 - CONTROL NUMBER
RUCL Control Number 79685
003 - CONTROL NUMBER IDENTIFIER
rucl marc code BD-RjUL
005 - DATE AND TIME OF LATEST TRANSACTION
control field 20220411132356.0
008 - FIXED-LENGTH DATA ELEMENTS--GENERAL INFORMATION
fixed length control field 220411s1970 bg a|||| m||| 00| 0 eng d
035 ## - SYSTEM CONTROL NUMBER
system control number (BD-RjUL)79685
040 ## - CATALOGING SOURCE
Original cataloging agency BD-RjUL
Language of cataloging eng
Transcribing agency BD-RjUL
Modifying agency BD-RjUL
041 ## - LANGUAGE CODE
Language code of Book eng
082 ## - DEWEY DECIMAL CLASSIFICATION NUMBER
DDC Edition number 23
Classification number 914.1443
Author mark and Year ARA 1970
100 ## - MAIN ENTRY--PERSONAL NAME
Personal name Arephin, Serajul
9 (RLIN) 2379
245 10 - TITLE STATEMENT
Title Aspects of the social Geography of Glasgow /
Statement of responsibility, etc Serajul, Arephin ;
Name of Supervisor/Co-Supervisor Supervisor : D. R. Diamond
260 ## - PUBLICATION, DISTRIBUTION, ETC. (IMPRINT)
Place of publication, distribution, etc Glasgow :
Name of publisher, distributor, etc Department of Glasgow, faculty Arts, University of Glasgow ,
Date of publication, distribution, etc 1970
300 ## - PHYSICAL DESCRIPTION
Pagination xvi, 488 leaves :
Other physical details ill, ;
Dimensions 29.cm.
502 ## - DISSERTATION NOTE
Dissertation note Thesis (Ph.D.) -- Department of Glasgow faculty Arts, University of Glasgow , 1970
504 ## - BIBLIOGRAPHY, ETC. NOTE
Bibliography, etc References : Leaves 456 - 488
650 ## - SUBJECT ADDED ENTRY--TOPICAL TERM
Topical term or geographic name as entry element social Geography
Form subdivision Aspects
General subdivision Glasgow
9 (RLIN) 2380
700 ## - ADDED ENTRY--SUPERVISOR/CO-SUPERVISOR NAME
Personal name Diamond, D. R. Supervisor
9 (RLIN) 2381
942 ## - ADDED ENTRY ELEMENTS (KOHA)
Source of classification or shelving scheme Dewey Decimal Classification
Koha item type Theses
Holdings
Source of classification or shelving scheme Damaged status Not for loan Collection code Permanent Location Current Location Shelving location Date of accession Source of acquisition Total Checkouts Full call number Barcode Date last seen Copy number Thesis
Dewey Decimal Classification   Not For Loan Theses Central Library, University of Rajshahi Central Library, University of Rajshahi Documentation Section 24/11/1990 Controller of Exam. R.U   THE 914.1443 ARA 1970 D1509 11/04/2022 C-1 Theses